Statistics for American TV Commercials

Click here to take the quiz!

General Stats

  • This quiz has been taken 27,652 times
    (4,753 since last reset)
  • The average score is 12 of 20

Answer Stats

SummaryProduct% Correct
Man was once obese but not anymore thanks to miracle sandwich dietSubway
88%
Smug hipster and nerdy businessman represent two types of computersApple
85%
Small lizard with a Cockney accent wants you to save 15%Geico
84%
Our pizza used to taste bad but now it doesn'tDomino's
78%
Three frogs croak the name of the productBudweiser
75%
Bunny crashes fake commercials for other productsEnergizer
75%
Guy walks around saying "can you hear me now"?Verizon
75%
Kid gives Mean Joe Greene a beverage, gets jersey in exchangeCoke
72%
Our website made you hate your friends because of politics, but things will change.
Really, we promise.
Facebook
67%
Sophisticated mustard is passed between limosGrey Poupon
66%
Your man is worthless and inadequate compared to a sexy man who smells goodOld Spice
66%
Smug hipsters have a cooler phone than the uncool people who are
standing in line for a different phone
Samsung
62%
Little old lady has difficulty locating meat in a giant bunWendy's
58%
Our salsa's made in San Antonio, where's your salsa made? New York City!?Pace Picante
49%
Thanks to candy, woman has the freshness to overcome double-parkingMentos
48%
Vikings somehow use credit card miles to book vacationsCapital One
43%
A baby is a savvy stock market playerE*Trade
38%
Khaki clad youngsters swing danceGAP
33%
Apply directly to the foreheadHeadOn
23%
With boss present, two cowards order water. Only one has the courage to order beer.Sam Adams
19%

Score Distribution

Percentile by Number Answered

Percent of People with Each Score

Your Score History

You have not taken this quiz since the last reset